| 000 | 02402nam a22003377a 4500 | ||
|---|---|---|---|
| 003 | OSt | ||
| 005 | 20251118143043.0 | ||
| 008 | 251029b |||||||| |||| 00| 0 eng d | ||
| 020 | _a9580402663 | ||
| 037 | _bDonación | ||
| 040 |
_aCO-JMCR _bspa _cCO-JMCR _dCO-JMCR _erda |
||
| 041 | 1 |
_aspa _heng |
|
| 082 | 0 | 4 |
_a155.4 _bZ68c |
| 100 | 1 |
_aZiglar, Zig, _d1926 - 2012 _eAutor _944410 |
|
| 245 | 1 | 0 |
_aCómo criar hijos con actitudes positivas: _ben un mundo negativo / _cZig Ziglar |
| 264 |
_bEditorial Norma, _c1986. |
||
| 300 |
_a254 páginas : _c23 cm. |
||
| 490 | 1 | _aLibros de interés general. | |
| 501 | _aCon : epílogo | ||
| 504 | _aIncluye bibliografía. | ||
| 505 | _aFormar bien a los hijos es sencillo pero no es fácil -- Tenemos problemas -- Cualidades de los que tienen éxito -- Motivación y pensamiento positivo -- Pasos positivos para desarrollar en los hijos un carácter positivo -- El niño tridimensional -- Para un niño el amor es TIEMPO -- La educación del carácter es obra de equipo -- Comunicación con la familia -- Una buena imagen de si mismo -- El problema sexual -- El problema sexual -- El problema sexual -- Abuso y persecución sexual -- El perdón: lo mas positivo de la vida -- La disciplina: Clave de un carácter positivo -- La perseverancia positiva produce hijos positivos -- El amor verdadero | ||
| 520 | _aExiste una creciente preocupación acerca de cual será el mundo que les tocara vivir mañana a los niños de hoy; y para este interrogante hay únicamente una respuesta: depende de lo que puedan hacer de sus hijos los padres actuales. Este libro presenta claramente cuan determinante es la actitud de los padres en la formación de los hijos, y proporciona una serie de elementos prácticos que les ayudaran a reflexionar y a proporcionarles a sus hijos una mejor formación. Este libro constituye una extraordinaria ayuda para brindarles a los hijos la educación que los complejos problemas del mundo actual exigen, para lo cual se requieren varios ingredientes, entre otros: amor disciplina, perdón. Aquí aprenderá usted como lograrlo. | ||
| 534 | _t. | ||
| 546 | _aTraducido del ingles | ||
| 650 | 7 |
_aPsicología infantil. _2JMCR _92491 |
|
| 650 | 7 |
_aEducación en el hogar. _2JMCR _913865 |
|
| 650 | 7 |
_aDesarrollo infantil. _2JMCR _9162 |
|
| 710 | 2 |
_aEditorial Norma, _eTraductor _944411 |
|
| 942 |
_2ddc _cBK |
||
| 949 |
_an _bn |
||
| 999 |
_c31105 _d17489 |
||